000 00777nam a2200217Ia 4500
001 4220
003 GE_BSU
008 181216s||||||||xx |||||||||||||| ||und||
040 _cGE_BSU
080 _a66.0(035.3)
100 _aПерри, Джон.
245 _aСправочник инженера-химика=Chemical Engineers' Handbook.Том второй
245 _cПод общей редакцией Н.М.Жаворонкова и П.Г.Романкова.
250 _aПеревод с четвертого английского издания.
260 _aЛ.
260 _bХимия.
260 _c1969.
300 _a504 стр. 27 см.
653 _aСправочник инженера-химика=Chemical Engineers' Handbook.
942 _cBK
999 _c38230
_d38230